000 00662nam a2200265Ia 4500
005 20260320203307.0
008 008 262003s9999 xx 000 0 eng d
020 _a978-3-031-67829-5
037 _aEBOOK
040 _aCRL
040 _beng
040 _cCRL
041 _2eng
041 _aeng
084 _qCRL
100 _aEzra Chitando, Lovemore Togarasei, Loreen Maseno
_91137298
245 0 _aAfrican Pentecostalism from African Perspectives
260 _bSpringer
260 _c2024
650 _aPhilosophy
856 _uhttps://doi.org/10.1007/978-3-031-67829-5
942 _cEBOOK
999 _c1726048
_d1726048